|
|
|
|
| LEADER |
00000nab a2200000 a 4500 |
| 001 |
vtls000312973 |
| 003 |
SK-MaSNL |
| 005 |
20260304082645.0 |
| 008 |
250424c1978 xo 0 slo |
| 015 |
|
|
|a SNBRB19rr/mm-uuuuu
|
| 035 |
|
|
|a CL0003065
|
| 035 |
|
|
|a urn:nbn:sk:snk-ab7sk
|
| 035 |
|
|
|a (urnnbn)urn:nbn:sk:snk:ar-0049po
|
| 035 |
|
|
|a (uuid)ccf915b5-f41b-4602-a582-04358839080a
|
| 040 |
|
|
|a SNKBUCL
|b slo
|c SNKBUCL
|e AACR2
|
| 041 |
0 |
|
|a slo
|
| 044 |
|
|
|a xo
|c SK
|
| 080 |
|
|
|a 371
|2 1981
|
| 100 |
1 |
|
|a Švec, V.
|4 aut
|9 559431
|
| 245 |
1 |
0 |
|a Programirovannoje obučenie
|c V. Švec
|
| 650 |
0 |
7 |
|a programované vyučovanie
|2 snkbucl
|9 1523
|
| 655 |
|
7 |
|a články z novín a časopisov
|2 snkbucl
|9 267496
|
| 773 |
0 |
|
|t Jednotná škola
|g Roč. 30, č. 1 (1978), s. 95-96
|
| 787 |
0 |
8 |
|i Rec.:
|t Programirovannoje obučenie
|d Kyjev : Vyšča škola, 1977
|
| 850 |
|
|
|a Slovenská národná knižnica
|
| 852 |
|
|
|a Slovenská národná knižnica
|
| 954 |
|
|
|a odborná, vedecká literatúra pôvodná (slovenská)
|2 lita
|
| 958 |
|
|
|a article27
|
| 958 |
|
|
|a OND
|
| 958 |
|
|
|a RK
|
| 958 |
|
|
|a EUIPO
|
| 992 |
|
|
|a RBX
|
| 999 |
|
|
|c 2797621
|d 2799551
|